000 00664nam a2200181Ia 4500
008 100920s9999 xx 000 0 und d
082 _b99795
_a24 न 07
100 _aमुर्ती सुधा अनु. सोहोनी लिना.
245 _aगोष्टी माणसांच्या.
260 _bमेहतापब्लिशिंग हाऊस. पुणे.
_c2007
300 _a167
_bसाधी
365 _b130
520 _aसायो.
630 _aगोष्टी माणसांच्या.
650 _aसायो.
730 _aगोष्टी माणसांच्या.
942 _cBOOK
999 _c740233
_d740230